| 000 | 01288cam a22003614a 4500 | ||
|---|---|---|---|
| 999 |
_c28935 _d28906 |
||
| 001 | 13567949 | ||
| 003 | EG-ScBUE | ||
| 005 | 20201015105112.0 | ||
| 008 | 040422t2005 inua f 001 0 eng d | ||
| 020 | _a1587052059 | ||
| 040 |
_aDLC _beng _erda _cDLC _dDLC _dEG-ScBUE |
||
| 041 | 0 |
_aeng _beng |
|
| 082 | 0 | 4 |
_a005.8 _bSUL _222 |
| 100 | 1 |
_aSullivan, Chad, _eauthor. |
|
| 245 | 1 | 0 |
_aCisco security agent / _cChad Sullivan. |
| 246 | 3 | 4 |
_aCisco security agent : _bprevent security breaches by protecting endpoint systems with Cisco security agent, the Cisco host intrusion prevention system |
| 264 | 1 |
_aIndianapolis, Indiana : _bCisco Press, _c[2005] |
|
| 264 | 4 | _cc2005 | |
| 300 |
_axxi, 426 pages : _billustrations ; _c23 cm. |
||
| 336 |
_2rdacontent _atext _btxt |
||
| 337 |
_2rdamedia _aunmediated _bn |
||
| 338 |
_2rdacarrier _avolume _bnc |
||
| 490 | 0 | _aCisco systems | |
| 500 | _aIncludes index. | ||
| 500 | _aIncludes appendices. | ||
| 546 | _aIn English; summary in English. | ||
| 650 | 7 |
_aComputer networks _xSecurity measures. _2BUEsh |
|
| 653 |
_bCOMSCI _cOctober2020 |
||
| 655 |
_vReading book _934232 |
||
| 906 |
_a7 _bcbc _corignew _d2 _eepcn _f20 _gy-gencatlg |
||
| 942 |
_2ddc _cBB |
||